| 000 | 01743nam0a2200373 4500 | ||
|---|---|---|---|
| 001 | RU\NLR\BIBL_A\012862542 | ||
| 005 | 20221102171519.0 | ||
| 010 |
_a978-5-00195-092-9 _915000 |
||
| 021 |
_aRU _bКН-П-22-036633 _9КН-П-22-3142 |
||
| 035 | _a(NLR Aleph) 012862542 | ||
| 090 |
_a12463750 _c12463750 |
||
| 100 | _a20220809d2022 u y0rusy50 ca | ||
| 101 | 1 |
_arus _ceng |
|
| 102 | _aRU | ||
| 105 | _ay z 000zy | ||
| 181 | 0 |
_ai _baxxe |
|
| 182 | 0 | _an | |
| 200 | 1 |
_aДар _e12 ключей к внутреннему освобождению и обретению себя _fЭдит Ева Эгер при участии Эсме Швапль-Вейганд _gперевод с английского Татьяны Лукониной _gнаучный редактор: Тамара Шапошникова |
|
| 203 |
_aТекст _bвизуальный _cнепосредственный |
||
| 205 | _a2-е изд. | ||
| 210 |
_aМосква _cМанн, Иванов и Фербер _d2022 |
||
| 215 |
_a253, [2] с. _d22 |
||
| 300 | _aЗагл. и авт. ориг.: The Gift / dr. Edith Eva Eger with Esme Schwall Weigand | ||
| 333 | _a16+ | ||
| 454 | 0 |
_12001#$aThe Gift$fdr. Edith Eva Eger with Esme Schwall Weigand _1700#1$aEger$bE. E.$gEdith Eva _1701#1$aSchwall Weigand$bE.$gEsme _tThe Gift _aEger, Edith Eva |
|
| 606 | 1 |
_aПсихогигиена _9929392 _3RU\NLR\AUTH\6623393 |
|
| 686 | 1 | _aЮ948.1-8 | |
| 686 | 1 | _aЮ949.2 | |
| 700 | 1 |
_7ca _8rus _aЭгер _bЭ. Е. _f1927- _gЭдит Ева _9246262 _3RU\NLR\AUTH\770246318 |
|
| 701 | 1 |
_aШвалль-Вейганд _bЭ. _gЭсме |
|
| 942 | _cBOOK | ||
| 980 | _aNB | ||